Statistics for The Crane Wives Lyrics Quiz

Click here to take the quiz!

General Stats

  • This quiz has been taken 157 times
  • The average score is 13 of 17

Answer Stats

HintAnswer% Correct
"__ ___ __ ____ a sing for me, I loved you like the sun"The Moon Will Sing
98%
"Oh ashes, ashes, dust to dust, The devil's after both of us"Curses
93%
"There are times when I still wonder about you, You are someone I have loved but never known"Never Love An Anchor
88%
"Don't buy me flowers, It pains me to watch, ____ ____ ____ wilt away"Pretty Little Things
88%
"I will poison all your happy thoughts, I will love you like the ashes in my cigarette box"Tongues and Teeth
88%
"Lay me down, pour the dirt into our bed, Tell the crows they can have their pound of flesh"The Garden
84%
"I got no money but the change, That jingles in my pockets, Reminding me how little I have"The Hand That Feeds
84%
"Climb ye higher, and higher, and higher, There's no room for all the hearts who will not stay"Icarus
81%
"I keep my closet free of skeletons, 'Cause I'm much better at digging graves"Metaphor
78%
"Now listen close, you owe me ears for dropping eaves, Forget it all, you caught me in a moment weak"Allies or Enemies
72%
"All of the fire I've swallowed, All of the sparks that went dark in my gut, I am always burning up"Take Me To War
71%
"Beneath the table you would offer up my bones and all the dogs would lick your fingers"Little Soldiers
69%
"Where does your faith fall? Where does your faith fall in me? Don't break the bottle, Don't waste your blessings on me"Safe Ship Harbored
66%
"There's a shadow at the back door, Something's moving in the shade, She lights cigarettes like lanterns, For the darkness in my head"Nobody
64%
"You're a sweetheart, You're a curse, You're a passing grade on a low, low bar"High Horse
57%
"Find a new dream, god, I never wanna shut my eyes, 'Cause I'm tired of passing like a ghost through my life"Volta
57%
"I am a falling axe, I am a sharpened knife, I am a poison asp, I am a risk to your life"The Wolf
54%

Score Distribution

Percentile by Number Answered

Percent of People with Each Score

Your Score History

You have not taken this quiz